00469nam a2200181 a 4500001001300000003000900013005001700022008004100039020002300080082002100103100002600124245001900150260003100169300000900200500003500209505001700244650002600261nice12345678IN_TiNIC20260116014057.0050524s2002 lona grp 000 0 eng  a1843310 c45000a305.6297073bARI aArif, Aminah Mohammad aSalaam America aLondonbAnthem Pressc2002 a355p aincludes index and biblioraphy2 aNotes, Index aMuslims-United States